000 00781nam a2200241Ia 4500
003 OSt
005 20220923214758.0
006 a|||||r|||| 00| 0
007 ta
008 220922b |||||||| |||| 00| 0 hin d
024 _a172,653
037 _cTextual
040 _aARTS
_cARTS
_bhin
041 _2hin
_ahin
082 _aO152:3NDI:11, K0
100 _aदीक्षित, प्रकाश
245 0 _aकाठ के ताबूत और जिन्दा लाशें
246 _aKāṭh ke tābūt aur jindā lāshean
260 _c1960
490 _aप्रचारक पाकेट बुक्स सं0; 15
942 _hO152:3NDI:11, K0
_cTEXL
_2CC
999 _c326661
_d326661